00775nam a2200193 a 450000100100000000500170001000800410002702000150006804000250008310000360010824500570014426000710020130000260027250000320029850500690033071000600039995201050045999900170056400004101320201002034542.0130913s1988 sp 001 0 spa d a8400069145 aDO-SdBNPbspacBNPHU1 aRokiski Lázaro, Gloria96747310a1siglo XIX :b1801-1850 /cGloria Rokiski Lázaro,. aMadrid :bConsejo Superior de Invesigaciones Científicas,c1988. av. (601) p. ;c25 cm. aLa biblioteca posee el v. 10 gv. 1 :tObras generales --tAutores y obras Anónimas (A-CH) --2 aConsejo Superior de Invesigaciones Científicas967474 001050718MOaGRbGRcCTd2013-09-13iLF1l0o p41013-10r2020-06-25w2020-06-25y1ZNo se presta c40503d40503